[Event "Quebec op"]
[Site "Longueuil CAN"]
[Date "2025.07.23"]
[Round "5.3"]
[White "Sai, Krishna GV"]
[Black "Duong, Thanh Nha"]
[Result "1-0"]
[WhiteElo "2379"]
[BlackElo "2183"]
[WhiteFideId "-1"]
[WhiteFideId "-1"]
[PlyCount "55"]
[GameId "2202897293771039"]
[EventDate "2025.07.21"]
[EventType "swiss"]
[EventRounds "9"]
[EventCountry "CAN"]

1. e4 e5 2. Nf3 Nf6 3. d4 Nxe4 4. dxe5 d5 5. Nbd2 Nxd2 6. Bxd2 Be7 7. Bd3 O-O 8. h4 c5 9. Ng5 h6 10. Qh5 c4 11. Bh7+ Kh8 12. Nxf7+ Rxf7 13. Bg6 Be6 14. Bxf7 Bxf7 15. Qxf7 Nc6 16. O-O-O b5 17. Bxh6 gxh6 18. Qe6 Qf8 19. Qxc6 Rc8 20. Qxd5 c3 21. Qf3 Qg8 22. Kb1 Qg6 23. Qb7 Qe6 24. Qd7 Qc4 25. Qxe7 cxb2 26. Qf6+ Kg8 27. Qg6+ Kf8 28. Rd7 1-0

[Event "Quebec op"]
[Site "Longueuil CAN"]
[Date "2025.07.23"]
[Round "5.4"]
[White "Chiku-Ratte, Olivier-Kenta"]
[Black "Saha, Ananda"]
[Result "1-0"]
[WhiteElo "2303"]
[BlackElo "2067"]
[WhiteFideId "-1"]
[WhiteFideId "-1"]
[PlyCount "79"]
[GameId "2202897408114347"]
[EventDate "2025.07.21"]
[EventType "swiss"]
[EventRounds "9"]
[EventCountry "CAN"]

1. d4 e6 2. c4 Bb4+ 3. Bd2 a5 4. Nf3 Nf6 5. g3 d6 6. Bg2 Nbd7 7. O-O e5 8. Bg5 exd4 9. Nxd4 h6 10. Bc1 O-O 11. a3 Bc5 12. Nc3 Re8 13. b3 Qe7 14. Bb2 Ne5 15. h3 Bd7 16. Nd5 Nxd5 17. cxd5 b5 18. f4 Ng6 19. e4 f6 20. Rc1 Bb6 21. Kh2 b4 22. a4 Nh8 23. Re1 Nf7 24. Qh5 Qf8 25. Nf3 Re7 26. Nd2 Be8 27. Qd1 Nd8 28. Nc4 Bc5 29. e5 fxe5 30. fxe5 Bg6 31. Rf1 Rf7 32. Rxf7 Nxf7 33. Qg4 Ng5 34. Rf1 Qe8 35. e6 Bd3 36. Rf7 g6 37. Rg7+ Kf8 38. Qf4+ Bf5 39. Qh4 Bxe6 40. Qxh6 1-0

[Event "Quebec op"]
[Site "Longueuil CAN"]
[Date "2025.07.24"]
[Round "6.1"]
[White "Sai, Krishna GV"]
[Black "Rodrigue-Lemieux, Shawn"]
[Result "1/2-1/2"]
[WhiteElo "2379"]
[BlackElo "2510"]
[WhiteFideId "-1"]
[WhiteFideId "-1"]
[PlyCount "38"]
[GameId "2203176998596919"]
[EventDate "2025.07.21"]
[EventType "swiss"]
[EventRounds "9"]
[EventCountry "CAN"]

1. e4 c6 2. Nc3 d5 3. Nf3 dxe4 4. Nxe4 Nf6 5. Qe2 Nxe4 6. Qxe4 Be6 7. b3 Nd7 8. Bb2 Nf6 9. Qe3 Bf5 10. Nd4 Bg6 11. f4 Nd5 12. Qf3 e6 13. f5 exf5 14. O-O-O Be7 15. Nxf5 O-O 16. c4 Bf6 17. cxd5 Bxb2+ 18. Kxb2 Qf6+ 19. d4 Qxf5 1/2-1/2

[Event "Quebec op"]
[Site "Longueuil CAN"]
[Date "2025.07.24"]
[Round "6.2"]
[White "Sambuev, Bator"]
[Black "England, Max"]
[Result "1-0"]
[WhiteElo "2413"]
[BlackElo "2150"]
[WhiteFideId "-1"]
[WhiteFideId "-1"]
[PlyCount "93"]
[GameId "2203226396078638"]
[EventDate "2025.07.21"]
[EventType "swiss"]
[EventRounds "9"]
[EventCountry "CAN"]

1. g3 Nf6 2. Bg2 g6 3. e4 d6 4. Ne2 Bg7 5. O-O O-O 6. a4 c5 7. d4 cxd4 8. Nxd4 Nc6 9. Ne2 Bd7 10. Nbc3 Rc8 11. h3 a6 12. Bg5 Ne5 13. Nd5 Nxd5 14. exd5 h5 15. Bc1 Qb6 16. Ra2 Bf5 17. b3 Qc5 18. Be3 Qc7 19. Nd4 Bd7 20. f4 Qc3 21. Bf2 Nc4 22. bxc4 Rxc4 23. Ne2 Qb4 24. c3 Bxc3 25. Nxc3 Rxc3 26. Qd2 b5 27. Rc2 Rfc8 28. axb5 axb5 29. Ra1 Bf5 30. Rxc3 Qxc3 31. Qxc3 Rxc3 32. g4 Bc8 33. Ra8 b4 34. Rb8 b3 35. Bf1 f6 36. Bd4 Rc1 37. Kf2 Kf7 38. Rxb3 Bd7 39. Rb7 Ba4 40. Be3 Rc3 41. g5 fxg5 42. fxg5 h4 43. Bd4 Rc2+ 44. Ke3 Rc1 45. Bd3 Rc8 46. Ra7 Bc2 47. Bf6 1-0

[Event "Quebec op"]
[Site "Longueuil CAN"]
[Date "2025.07.24"]
[Round "6.3"]
[White "Chiku-Ratte, Olivier-Kenta"]
[Black "Kantans, Toms"]
[Result "0-1"]
[WhiteElo "2303"]
[BlackElo "2514"]
[WhiteFideId "-1"]
[WhiteFideId "-1"]
[PlyCount "92"]
[GameId "2203183135265158"]
[EventDate "2025.07.21"]
[EventType "swiss"]
[EventRounds "9"]
[EventCountry "CAN"]

1. d4 Nf6 2. c4 e6 3. Nf3 c5 4. dxc5 Bxc5 5. e3 O-O 6. Be2 b6 7. O-O Bb7 8. Nc3 Nc6 9. a3 Be7 10. b3 Rc8 11. Bb2 Qc7 12. Rc1 Qb8 13. b4 d6 14. Qb3 Qa8 15. Rfd1 Rfd8 16. Rd2 Nb8 17. Qd1 Nbd7 18. h3 Nf8 19. Qf1 Ng6 20. Rcd1 a6 21. Na4 Nd7 22. Bd4 Qa7 23. Bb2 Rc7 24. Nd4 Rdc8 25. f4 Ngf8 26. Kh2 Nf6 27. b5 Ne4 28. Rc2 Nd7 29. bxa6 Bxa6 30. Qf3 Ndf6 31. Nc3 Nxc3 32. Rxc3 d5 33. f5 e5 34. Nb3 Bxc4 35. Bxc4 Rxc4 36. Rxc4 dxc4 37. Rc1 Qd7 38. Na1 e4 39. Qf2 Rc5 40. Bd4 Rxf5 41. Qb2 b5 42. a4 Qc7+ 43. Kg1 b4 44. Nc2 Nd5 45. Ne1 Qg3 46. Qe2 Bd6 0-1

[Event "Quebec op"]
[Site "Longueuil CAN"]
[Date "2025.07.24"]
[Round "6.4"]
[White "Lesiege, Alexandre"]
[Black "Tanaka, Tyler"]
[Result "1/2-1/2"]
[WhiteElo "2503"]
[BlackElo "2254"]
[WhiteFideId "-1"]
[WhiteFideId "-1"]
[PlyCount "77"]
[GameId "2203223076409856"]
[EventDate "2025.07.21"]
[EventType "swiss"]
[EventRounds "9"]
[EventCountry "CAN"]

1. e4 e5 2. Nf3 Nf6 3. Nxe5 d6 4. Nf3 Nxe4 5. d3 Nf6 6. d4 d5 7. Bd3 c5 8. O-O c4 9. Re1+ Be7 10. Bf1 O-O 11. b3 cxb3 12. axb3 Nc6 13. h3 Bf5 14. c4 Bb4 15. Bd2 Bxd2 16. Qxd2 Qb6 17. Qc3 Rfe8 18. Rxe8+ Rxe8 19. c5 Qd8 20. Bb5 Ne4 21. Bxc6 bxc6 22. Qc1 Qf6 23. Qf4 g5 24. Qe3 Re7 25. Nbd2 Nxc5 26. Qxg5+ Qxg5 27. Nxg5 Nd3 28. Ndf3 Re2 29. Rxa7 Rxf2 30. Rc7 Be4 31. Rxc6 Bxf3 32. Nxf3 Rb2 33. Rf6 Rxb3 34. Rf5 Nb4 35. Kh2 Kg7 36. g4 f6 37. Kg2 Rb2+ 38. Kg3 Rb3 39. g5 1/2-1/2

[Event "Quebec op"]
[Site "Longueuil CAN"]
[Date "2025.07.25"]
[Round "7.1"]
[White "Kraiouchkine, Nikita"]
[Black "Sambuev, Bator"]
[Result "0-1"]
[WhiteElo "2185"]
[BlackElo "2413"]
[WhiteFideId "-1"]
[WhiteFideId "-1"]
[PlyCount "100"]
[GameId "2203537867363400"]
[EventDate "2025.07.21"]
[EventType "swiss"]
[EventRounds "9"]
[EventCountry "CAN"]

1. e4 e5 2. Nf3 Nc6 3. Bb5 a6 4. Ba4 g6 5. O-O b5 6. Bb3 Bg7 7. c3 Nge7 8. d4 exd4 9. cxd4 O-O 10. a4 b4 11. h3 Na5 12. Bc2 d6 13. Qe2 c5 14. dxc5 dxc5 15. e5 Be6 16. Nbd2 Nec6 17. Re1 Re8 18. Ne4 Bc4 19. Qe3 Nxe5 20. Qxc5 Rc8 21. Qxb4 Nac6 22. Qd2 Nxf3+ 23. gxf3 Nd4 24. Bd1 Bb3 25. Kg2 Qe7 26. Ra3 Bxd1 27. Rxd1 Nxf3 28. Rxf3 Qxe4 29. Qf4 Qb7 30. Be3 h6 31. Rd6 Be5 32. Rb6 Qd5 33. Qb4 Rc4 34. Qd2 Qa8 35. Qd3 Rc6 36. Qd5 Ree6 37. b4 Qe8 38. Rb7 Rc7 39. b5 Rd6 40. Qxe5 Qxe5 41. Rxc7 Qd5 42. Rcxf7 Qxf7 43. Rxf7 Kxf7 44. b6 Rd3 45. Kf3 Ra3 46. Ke4 Ke6 47. Kd4 Rxa4+ 48. Kc5 Kd7 49. Bd2 Ra2 50. Bf4 Ra5+ 0-1

[Event "Quebec op"]
[Site "Longueuil CAN"]
[Date "2025.07.25"]
[Round "7.2"]
[White "Kantans, Toms"]
[Black "Sai, Krishna GV"]
[Result "1-0"]
[WhiteElo "2514"]
[BlackElo "2379"]
[WhiteFideId "-1"]
[WhiteFideId "-1"]
[PlyCount "105"]
[GameId "2203542426150035"]
[EventDate "2025.07.21"]
[EventType "swiss"]
[EventRounds "9"]
[EventCountry "CAN"]

1. e4 e5 2. Nf3 Nc6 3. d4 exd4 4. Nxd4 Nf6 5. Nxc6 bxc6 6. e5 Qe7 7. Qe2 Nd5 8. c4 Ba6 9. b3 g6 10. Ba3 Nb4 11. Bb2 Bg7 12. a3 Nd5 13. Nd2 O-O 14. O-O-O Rfe8 15. Qf3 Nb6 16. Re1 d5 17. h4 Nd7 18. Qg3 Bxe5 19. Rxe5 Nxe5 20. h5 d4 21. hxg6 fxg6 22. f4 Nf7 23. Qh3 Nd6 24. c5 Bc8 25. g4 Nf5 26. Bc4+ Kf8 27. gxf5 Qe1+ 28. Rxe1 Rxe1+ 29. Kc2 Bxf5+ 30. Qxf5+ gxf5 31. Bxd4 h5 32. Nf3 Rh1 33. Bf6 Re8 34. Ne5 Rxe5 35. Bxe5 h4 36. Bd3 Rh2+ 37. Kd1 Rh3 38. Bxf5 Rxb3 39. Ke2 h3 40. Kf2 Rxa3 41. Be4 Kf7 42. Bxc7 Rc3 43. Bd6 a5 44. Bxc6 Ke6 45. Kg1 Rc2 46. Ba4 Rg2+ 47. Kh1 Rd2 48. Be5 Ke7 49. c6 Kd8 50. c7+ Kc8 51. Bb3 Kb7 52. Be6 Rc2 53. c8=Q+ 1-0

[Event "Quebec op"]
[Site "Longueuil CAN"]
[Date "2025.07.25"]
[Round "7.3"]
[White "Rodrigue-Lemieux, Shawn"]
[Black "Chiku-Ratte, Olivier-Kenta"]
[Result "1/2-1/2"]
[WhiteElo "2510"]
[BlackElo "2303"]
[WhiteFideId "-1"]
[WhiteFideId "-1"]
[PlyCount "23"]
[GameId "2203542426150036"]
[EventDate "2025.07.21"]
[EventType "swiss"]
[EventRounds "9"]
[EventCountry "CAN"]

1. c4 e6 2. g3 d5 3. Bg2 d4 4. Nf3 c5 5. O-O Nc6 6. e3 Nf6 7. d3 h6 8. exd4 cxd4 9. Bf4 Nd7 10. Re1 Bb4 11. Re2 a5 12. a3 1/2-1/2

[Event "Quebec op"]
[Site "Longueuil CAN"]
[Date "2025.07.25"]
[Round "7.4"]
[White "Saha, Ananda"]
[Black "Lesiege, Alexandre"]
[Result "1-0"]
[WhiteElo "2067"]
[BlackElo "2503"]
[WhiteFideId "-1"]
[WhiteFideId "-1"]
[PlyCount "73"]
[GameId "2203542299853968"]
[EventDate "2025.07.21"]
[EventType "swiss"]
[EventRounds "9"]
[EventCountry "CAN"]

1. d4 Nf6 2. Bg5 d5 3. Nd2 Nbd7 4. e3 c5 5. Ngf3 e6 6. c3 Be7 7. Bd3 O-O 8. O-O b6 9. Ne5 Nxe5 10. dxe5 Nd7 11. Bxe7 Qxe7 12. f4 f6 13. exf6 Rxf6 14. e4 c4 15. Bc2 Bb7 16. e5 Rf7 17. Qh5 g6 18. Qg4 Qc5+ 19. Kh1 Qe3 20. Bxg6 hxg6 21. Qxg6+ Kf8 22. Qxe6 Qxd2 23. Qd6+ Ke8 24. e6 Rg7 25. exd7+ Kf7 26. d8=N+ Rxd8 27. Qc7+ Kf8 28. Qxd8+ Kf7 29. Qd7+ Kf8 30. Qf5+ Kg8 31. Qe6+ Kf8 32. Qh3 d4 33. Rg1 d3 34. f5 b5 35. f6 Rg8 36. Raf1 Qxb2 37. Qh6+ 1-0

[Event "Quebec op"]
[Site "Longueuil CAN"]
[Date "2025.07.25"]
[Round "8.1"]
[White "Sambuev, Bator"]
[Black "Saha, Ananda"]
[Result "1/2-1/2"]
[WhiteElo "2413"]
[BlackElo "2067"]
[WhiteFideId "-1"]
[WhiteFideId "-1"]
[PlyCount "217"]
[GameId "2203631535291418"]
[EventDate "2025.07.21"]
[EventType "swiss"]
[EventRounds "9"]
[EventCountry "CAN"]

1. d4 Nf6 2. c4 e5 3. dxe5 Ng4 4. e4 Nxe5 5. f4 Nec6 6. Be3 Bb4+ 7. Nc3 Bxc3+ 8. bxc3 d6 9. Bd3 O-O 10. Nf3 Nd7 11. O-O Nf6 12. h3 Qe7 13. Qc2 Bf5 14. Rae1 Bxe4 15. Bf2 Bxd3 16. Qxd3 Qd7 17. Bh4 Rfe8 18. Bxf6 gxf6 19. Rb1 b6 20. Rb5 Ne7 21. Rh5 Ng6 22. Qd4 Qe7 23. f5 Qe3+ 24. Qxe3 Rxe3 25. fxg6 hxg6 26. Rh4 Rae8 27. Nd4 f5 28. Nb5 R8e7 29. Rhf4 a6 30. Na7 Rxc3 31. g4 Re2 32. R1f2 Rxf2 33. Kxf2 fxg4 34. hxg4 Rc2+ 35. Kg3 Rxa2 36. Nc6 Re2 37. Nb4 a5 38. Nd5 a4 39. Kf3 Rb2 40. g5 a3 41. Nf6+ Kg7 42. Rh4 d5 43. Rh7+ Kf8 44. Nxd5 Ke8 45. Nxc7+ Ke7 46. Nd5+ Ke6 47. Nf4+ Ke7 48. Nxg6+ Ke6 49. Nf4+ Kf5 50. Rxf7+ Kxg5 51. Ke4 b5 52. Nd3 a2 53. Ra7 Rb1 54. Rxa2 bxc4 55. Ra5+ Kf6 56. Nf4 c3 57. Nd5+ Ke6 58. Ra6+ Kd7 59. Nxc3 Rh1 60. Kd5 Rh5+ 61. Kd4 Rh1 62. Ne4 Rd1+ 63. Ke5 Kc7 64. Rh6 Re1 65. Kd5 Rd1+ 66. Kc4 Rc1+ 67. Nc3 Kd7 68. Kd4 Rg1 69. Kd5 Rg5+ 70. Kc4 Rg4+ 71. Kc5 Rg1 72. Rd6+ Ke7 73. Nd5+ Kf7 74. Rf6+ Kg7 75. Rf3 Ra1 76. Kd6 Kg6 77. Ke6 Ra6+ 78. Ke5 Ra5 79. Rb3 Kf7 80. Rb6 Kg7 81. Rd6 Ra7 82. Kf5 Rb7 83. Kg5 Ra7 84. Ne3 Kf7 85. Nf5 Ra1 86. Rf6+ Ke8 87. Re6+ Kd7 88. Kf6 Rf1 89. Ra6 Kc7 90. Ke6 Re1+ 91. Kd5 Rh1 92. Rf6 Rh5 93. Kc5 Kd7 94. Kc4 Rh1 95. Ne3 Rh5 96. Kd4 Rh4+ 97. Kc5 Rh1 98. Kd4 Rh4+ 99. Kd5 Rh5+ 100. Nf5 Kc7 101. Rf8 Kb6 102. Rf7 Rg5 103. Kc4 Rg4+ 104. Nd4 Rh4 105. Rg7 Rh5 106. Rg6+ Kc7 107. Ne6+ Kb7 108. Rf6 Rh4+ 109. Nf4 1/2-1/2

[Event "Quebec op"]
[Site "Longueuil CAN"]
[Date "2025.07.25"]
[Round "8.2"]
[White "Guillemette, Hugo"]
[Black "Kantans, Toms"]
[Result "0-1"]
[WhiteElo "2175"]
[BlackElo "2514"]
[WhiteFideId "-1"]
[WhiteFideId "-1"]
[PlyCount "88"]
[GameId "2203631553616924"]
[EventDate "2025.07.21"]
[EventType "swiss"]
[EventRounds "9"]
[EventCountry "CAN"]

1. e4 c5 2. Nf3 e6 3. Nc3 Nc6 4. d4 cxd4 5. Nxd4 Qc7 6. Be3 a6 7. Qf3 Ne5 8. Qg3 h5 9. f4 Ng4 10. Bg1 b5 11. Bd3 Bb7 12. O-O-O b4 13. Nce2 N8f6 14. h3 Nh6 15. Qe3 Bc5 16. Kb1 Rc8 17. Bf2 d6 18. Bh4 e5 19. fxe5 dxe5 20. Qg3 Kf8 21. Bxf6 gxf6 22. Nb3 Be7 23. Qf2 f5 24. Nd2 Qc5 25. Qf1 Bg5 26. Ng3 f4 27. Ne2 h4 28. Nc1 a5 29. Ncb3 Qc7 30. Nc4 a4 31. Nbd2 Ng8 32. Nf3 Bf6 33. Qf2 Bxe4 34. Nb6 Bxd3 35. cxd3 Qa7 36. Rc1 Ne7 37. Rxc8+ Nxc8 38. Nxe5 Kg7 39. Nec4 Rd8 40. Rf1 Nxb6 41. Qxb6 Qe7 42. Qf2 Rxd3 43. Qxf4 Rd4 44. Qc1 Qe4+ 0-1

[Event "Quebec op"]
[Site "Longueuil CAN"]
[Date "2025.07.25"]
[Round "8.3"]
[White "Moses, Neil"]
[Black "Rodrigue-Lemieux, Shawn"]
[Result "0-1"]
[WhiteElo "2202"]
[BlackElo "2510"]
[WhiteFideId "-1"]
[WhiteFideId "-1"]
[PlyCount "72"]
[GameId "2203631528852504"]
[EventDate "2025.07.21"]
[EventType "swiss"]
[EventRounds "9"]
[EventCountry "CAN"]

1. e4 c6 2. d4 d5 3. Nc3 dxe4 4. Nxe4 Nf6 5. Nxf6+ exf6 6. c3 Bd6 7. Bd3 O-O 8. Qc2 c5 9. dxc5 Bxc5 10. Ne2 h6 11. O-O Nc6 12. Bf4 Ne5 13. Bf5 Qc7 14. Bxc8 Raxc8 15. Rad1 Rfe8 16. Bg3 Qa5 17. Nc1 Bb6 18. Rfe1 Re6 19. Re2 h5 20. Rde1 Rce8 21. h3 Qd5 22. b3 g6 23. c4 Qc6 24. Nd3 Nf3+ 25. gxf3 Qxf3 26. Be5 fxe5 27. c5 Bc7 28. Re3 Qf5 29. Nb4 e4 30. Rd1 Bf4 31. Rc3 Qg4+ 32. Kh1 e3 33. fxe3 Rxe3 34. Rxe3 Rxe3 35. Qg2 Qf5 36. Rd8+ Kh7 0-1

[Event "Quebec op"]
[Site "Longueuil CAN"]
[Date "2025.07.25"]
[Round "8.4"]
[White "Sai, Krishna GV"]
[Black "Tanaka, Tyler"]
[Result "1-0"]
[WhiteElo "2379"]
[BlackElo "2254"]
[WhiteFideId "-1"]
[WhiteFideId "-1"]
[PlyCount "97"]
[GameId "2203631560789022"]
[EventDate "2025.07.21"]
[EventType "swiss"]
[EventRounds "9"]
[EventCountry "CAN"]

1. e4 e5 2. Nf3 Nf6 3. d4 Nxe4 4. dxe5 d5 5. Nbd2 Qd7 6. Bd3 Nc5 7. Be2 Ne6 8. O-O Be7 9. Re1 O-O 10. Nf1 c5 11. Ne3 Rd8 12. Nf5 Nc6 13. a4 b6 14. Bb5 Bb7 15. a5 bxa5 16. Bd2 Rdc8 17. Bxa5 Nc7 18. e6 Nxe6 19. Ne5 Qe8 20. Qxd5 Bf8 21. Qd2 Kh8 22. Nc4 Rcb8 23. Bc7 Rc8 24. Ba5 Rcb8 25. Ra3 Qc8 26. Bxc6 Qxc6 27. Rg3 Qd5 28. Ne5 Nd4 29. c4 Qe6 30. Nxd4 cxd4 31. Ng6+ Qxg6 32. Rxg6 hxg6 33. Qxd4 Kg8 34. b4 Rc8 35. b5 Rc5 36. Bb4 Rg5 37. Bxf8 Rxg2+ 38. Kf1 Rxf8 39. Qxa7 Ba8 40. Ra1 Be4 41. Qe3 f5 42. Qxe4 fxe4 43. Kxg2 Kf7 44. Ra7+ Kf6 45. b6 Rb8 46. c5 Ke6 47. Rxg7 Kd5 48. Rc7 g5 49. b7 1-0

[Event "Quebec op"]
[Site "Longueuil CAN"]
[Date "2025.07.26"]
[Round "9.1"]
[White "Kantans, Toms"]
[Black "Saha, Ananda"]
[Result "1-0"]
[WhiteElo "2514"]
[BlackElo "2067"]
[WhiteFideId "-1"]
[WhiteFideId "-1"]
[PlyCount "87"]
[GameId "2203883469250895"]
[EventDate "2025.07.21"]
[EventType "swiss"]
[EventRounds "9"]
[EventCountry "CAN"]

1. e4 e6 2. d4 d5 3. Nc3 Nf6 4. e5 Nfd7 5. f4 c5 6. Nf3 Nc6 7. Be3 a6 8. Ne2 b5 9. c3 Bb7 10. h4 h5 11. f5 cxd4 12. cxd4 Qb6 13. Kf2 exf5 14. Nf4 Nd8 15. Bd3 g6 16. Qb3 Ne6 17. Rhc1 Rd8 18. Kg3 Bg7 19. Nxe6 fxe6 20. a4 O-O 21. Bg5 Rc8 22. axb5 Rxc1 23. Rxc1 Rb8 24. Qa3 Bf8 25. Qa4 axb5 26. Qxb5 Qxb5 27. Bxb5 Bc8 28. Ba4 Nb6 29. Be8 Bd7 30. Bxg6 Nc4 31. Ra1 Be8 32. Bxe8 Rxe8 33. b3 Na3 34. Rc1 Rb8 35. Rc3 Nb5 36. Rc6 Kf7 37. Bf6 Bh6 38. Kf2 Rb7 39. Rc8 Rc7 40. Rh8 Bf4 41. Ng5+ Bxg5 42. hxg5 f4 43. Rh6 Rc2+ 44. Kg1 1-0

[Event "Quebec op"]
[Site "Longueuil CAN"]
[Date "2025.07.26"]
[Round "9.3"]
[White "Rodrigue-Lemieux, Shawn"]
[Black "Gelet, Seymour"]
[Result "1-0"]
[WhiteElo "2510"]
[BlackElo "1997"]
[WhiteFideId "-1"]
[WhiteFideId "-1"]
[PlyCount "51"]
[GameId "2203883455500309"]
[EventDate "2025.07.21"]
[EventType "swiss"]
[EventRounds "9"]
[EventCountry "CAN"]

1. e4 c5 2. Nf3 Nc6 3. Bb5 g6 4. Bxc6 dxc6 5. d3 Bg7 6. h3 e5 7. O-O Ne7 8. a3 a5 9. Be3 b6 10. Nbd2 f6 11. b4 cxb4 12. axb4 a4 13. Nc4 Ra6 14. d4 b5 15. Na5 f5 16. exf5 e4 17. f6 Bxf6 18. Nd2 Bf5 19. g4 Rg8 20. gxf5 gxf5+ 21. Kh1 Ng6 22. Qh5 f4 23. Bxf4 Qxd4 24. Rae1 Kf7 25. Nxe4 Qxb4 26. Nd6+ 1-0

[Event "Quebec op"]
[Site "Longueuil CAN"]
[Date "2025.07.26"]
[Round "9.4"]
[White "Berube, Antoine"]
[Black "Chiku-Ratte, Olivier-Kenta"]
[Result "0-1"]
[WhiteElo "2052"]
[BlackElo "2303"]
[WhiteFideId "-1"]
[WhiteFideId "-1"]
[PlyCount "88"]
[GameId "2203883464077501"]
[EventDate "2025.07.21"]
[EventType "swiss"]
[EventRounds "9"]
[EventCountry "CAN"]

1. d4 Nf6 2. c4 g6 3. Nc3 Bg7 4. e4 d6 5. Be2 O-O 6. Nf3 Nbd7 7. O-O e5 8. Be3 h6 9. Re1 Ng4 10. Bc1 c6 11. d5 c5 12. h3 Ngf6 13. g4 Re8 14. Nh2 Nh7 15. Qd3 Ndf8 16. Kh1 Kh8 17. Rg1 a6 18. Qg3 g5 19. Nf1 Ng6 20. Ne3 Nf4 21. Bf1 h5 22. Qf3 hxg4 23. hxg4 Nf6 24. Nf5 Bxf5 25. gxf5 g4 26. Qg3 Bh6 27. f3 N6h5 28. Qxg4 Qf6 29. Bxf4 Nxf4 30. Qg3 Rg8 31. Qh2 Rxg1+ 32. Kxg1 Qg5+ 33. Kh1 Rg8 34. Bh3 Qg3 35. Qxg3 Rxg3 36. Bg4 Rg2 37. Rb1 Rc2 38. f6 Nd3 39. Bc8 Bc1 40. Na4 Kh7 41. Nb6 Kg6 42. Bg4 Be3 43. Bf5+ Kxf6 44. Nc8 Nf2+ 0-1

[Event "Quebec-ch"]
[Site "Montreal CAN"]
[Date "2025.08.15"]
[Round "1.1"]
[White "Zheng, Richard"]
[Black "Migot, Tangi"]
[Result "1/2-1/2"]
[WhiteElo "2291"]
[BlackElo "2344"]
[WhiteFideId "-1"]
[WhiteFideId "-1"]
[PlyCount "56"]
[GameId "2214873076045848"]
[EventDate "2025.08.15"]
[EventType "tourn"]
[EventRounds "9"]
[EventCountry "CAN"]
[EventCategory "2"]
[SourceTitle "The Week in Chess 1607"]
[Source "Mark Crowther"]
[SourceDate "2025.08.25"]
[SourceVersion "1"]
[SourceVersionDate "2025.08.25"]
[SourceQuality "2"]

1. Nf3 Nf6 2. b3 g6 3. Bb2 Bg7 4. g3 O-O 5. Bg2 c5 6. c4 b6 7. O-O Bb7 8. e3 e6 9. d4 Na6 10. Nc3 Qe7 11. Qe2 Rfd8 12. Rfd1 d6 13. Rd2 Nb4 14. e4 Nd7 15. d5 exd5 16. exd5 Qxe2 17. Nxe2 Bxb2 18. Rxb2 b5 19. Nf4 bxc4 20. bxc4 Nb6 21. Bf1 Rab8 22. Re1 Re8 23. a3 Rxe1 24. Nxe1 Na6 25. Nc2 Bc8 26. Ne3 Bd7 27. Bd3 Na4 28. Rxb8+ Nxb8 1/2-1/2

[Event "Quebec-ch"]
[Site "Montreal CAN"]
[Date "2025.08.15"]
[Round "1.2"]
[White "Latorre, Vincent"]
[Black "Duong, Thanh Nha"]
[Result "1-0"]
[WhiteElo "2337"]
[BlackElo "2154"]
[WhiteFideId "-1"]
[WhiteFideId "-1"]
[PlyCount "75"]
[GameId "2214873076045849"]
[EventDate "2025.08.15"]
[EventType "tourn"]
[EventRounds "9"]
[EventCountry "CAN"]
[EventCategory "2"]
[SourceTitle "The Week in Chess 1607"]
[Source "Mark Crowther"]
[SourceDate "2025.08.25"]
[SourceVersion "1"]
[SourceVersionDate "2025.08.25"]
[SourceQuality "2"]

1. e4 e5 2. Nf3 Nf6 3. Nxe5 d6 4. Nf3 Nxe4 5. d4 d5 6. Bd3 Bd6 7. O-O O-O 8. c4 c6 9. Re1 Bf5 10. Qc2 Na6 11. a3 Bg6 12. c5 Bb8 13. Nc3 f5 14. Ne2 Bh5 15. Ng3 Bg6 16. b4 Nc7 17. Bf4 Ne6 18. Bxb8 Rxb8 19. Ne5 Nxd4 20. Qb2 Ne6 21. f3 Nxg3 22. Nxg6 hxg6 23. Rxe6 Nh5 24. Rxg6 Qe7 25. Qd4 Rbe8 26. Rd6 Qg5 27. Bf1 Nf4 28. Kh1 Re7 29. Qf2 Rfe8 30. h4 Qh5 31. Qg3 Ne6 32. Bd3 Kf7 33. Re1 Rh8 34. Kg1 g6 35. Qe5 Rhe8 36. Qg3 Qh6 37. Re5 Nf4 38. Rxf5+ 1-0

[Event "Quebec-ch"]
[Site "Montreal CAN"]
[Date "2025.08.15"]
[Round "1.3"]
[White "Lamontagne, Damien"]
[Black "Chiku-Ratte, Olivier-Kenta"]
[Result "0-1"]
[WhiteElo "1845"]
[BlackElo "2309"]
[WhiteFideId "-1"]
[WhiteFideId "-1"]
[PlyCount "52"]
[GameId "2214873076045850"]
[EventDate "2025.08.15"]
[EventType "tourn"]
[EventRounds "9"]
[EventCountry "CAN"]
[EventCategory "2"]
[SourceTitle "The Week in Chess 1607"]
[Source "Mark Crowther"]
[SourceDate "2025.08.25"]
[SourceVersion "1"]
[SourceVersionDate "2025.08.25"]
[SourceQuality "2"]

1. e4 c6 2. d4 d5 3. f3 e6 4. Nc3 Bb4 5. Bd2 Ne7 6. Nce2 Ba5 7. Bxa5 Qxa5+ 8. Qd2 Qxd2+ 9. Kxd2 b6 10. h4 O-O 11. Nf4 Rd8 12. Ke3 c5 13. c3 Nbc6 14. Nge2 dxe4 15. fxe4 e5 16. dxe5 Nxe5 17. Ng3 Ng4+ 18. Ke2 Bb7 19. Kf3 Nf6 20. Ke3 Nxe4 21. Nxe4 Nf5+ 22. Kf3 Nd6 23. Bd3 f5 24. Bc2 fxe4+ 25. Kf2 Rf8 26. Bb3+ c4 0-1

[Event "Quebec-ch"]
[Site "Montreal CAN"]
[Date "2025.08.15"]
[Round "1.4"]
[White "Sambuev, Bator"]
[Black "Ouellet, Maili-Jade"]
[Result "1-0"]
[WhiteElo "2414"]
[BlackElo "2331"]
[WhiteFideId "-1"]
[WhiteFideId "-1"]
[PlyCount "85"]
[GameId "2214873076049947"]
[EventDate "2025.08.15"]
[EventType "tourn"]
[EventRounds "9"]
[EventCountry "CAN"]
[EventCategory "2"]
[SourceTitle "The Week in Chess 1607"]
[Source "Mark Crowther"]
[SourceDate "2025.08.25"]
[SourceVersion "1"]
[SourceVersionDate "2025.08.25"]
[SourceQuality "2"]

1. c4 Nf6 2. Nc3 e6 3. e4 d5 4. e5 d4 5. exf6 dxc3 6. bxc3 Qxf6 7. Nf3 e5 8. Bd3 Bd6 9. O-O h6 10. Be4 O-O 11. Rb1 Nc6 12. Re1 Re8 13. d3 Bf8 14. Rb5 Bd6 15. h3 a6 16. Rb3 Nd8 17. Rb2 Bd7 18. Rbe2 Be6 19. c5 Bxc5 20. Nxe5 Bd6 21. f4 Re7 22. d4 c6 23. Qd3 h5 24. Qf3 g6 25. g4 hxg4 26. hxg4 Qh4 27. f5 Bxe5 28. dxe5 Bc4 29. Bf4 Bxe2 30. Rxe2 f6 31. e6 Re8 32. Kf1 Qh7 33. fxg6 Qg7 34. Bf5 b6 35. Qe3 Qe7 36. Qxb6 Kg7 37. Qd4 c5 38. Qd5 Qb7 39. c4 Ra7 40. Bd6 Qxd5 41. cxd5 Nb7 42. Bc7 c4 43. d6 1-0

[Event "Quebec-ch"]
[Site "Montreal CAN"]
[Date "2025.08.15"]
[Round "1.5"]
[White "Sai, Krishna GV"]
[Black "Lesiege, Alexandre"]
[Result "1/2-1/2"]
[WhiteElo "2390"]
[BlackElo "2478"]
[WhiteFideId "-1"]
[WhiteFideId "-1"]
[PlyCount "77"]
[GameId "2214873076049948"]
[EventDate "2025.08.15"]
[EventType "tourn"]
[EventRounds "9"]
[EventCountry "CAN"]
[EventCategory "2"]
[SourceTitle "The Week in Chess 1607"]
[Source "Mark Crowther"]
[SourceDate "2025.08.25"]
[SourceVersion "1"]
[SourceVersionDate "2025.08.25"]
[SourceQuality "2"]

1. e4 e5 2. Nf3 Nc6 3. Bb5 a6 4. Ba4 Nf6 5. O-O Nxe4 6. d4 b5 7. Bb3 d5 8. dxe5 Be6 9. Be3 Be7 10. c3 O-O 11. Nbd2 Bg4 12. h3 Nxd2 13. hxg4 Nxf1 14. Kxf1 Na5 15. Bxd5 c6 16. Be4 Qxd1+ 17. Rxd1 Nc4 18. Rd7 Rfe8 19. Bxc6 Rac8 20. Bd5 Nxb2 21. e6 fxe6 22. Bxe6+ Kf8 23. Bd4 Rc6 24. Ng5 Rd8 25. Rxd8+ Bxd8 26. Bd5 Rh6 27. Ne6+ Ke7 28. Nxg7 Rh1+ 29. Ke2 Na4 30. f4 Ba5 31. Kd2 Nb6 32. Nf5+ Kd7 33. Bg8 Nc4+ 34. Kd3 Rd1+ 35. Ke4 Nd2+ 36. Ke3 Nc4+ 37. Ke4 Nd2+ 38. Ke3 Nc4+ 39. Ke4 1/2-1/2